Worlds Largest Animals - Statistics

General Stats
  • This quiz has been taken 13 times
  • The average score is 3 of 26
Answer Stats
Picture Hint Answer % Correct
Largest Crocodile Saltwater Crocodile
91%
Largest Hybrid Liger
55%
2nd Largest Dog Breed Great Dane
45%
Largest Frog African Bullfrog
27%
Largest Salamander Chinese Giant Salamander
27%
Largest Catfish Mekong Giant Catfish
18%
Largest Snail African Giant Snail
9%
Largest Crab Coconut Crab
9%
1st Largest Dog Breed English Mastiff
9%
Largest Rabbit Flemish GiantRabbit
9%
1st Largest Fish (Not a Shark) Sunfish
9%
Largest Horse The Shire Horse
9%
Largest Rat Bamboo Rat
0%
Largest Slug (Kinda) Giant Australian Slug
0%
Largest Boar Giant Boar
0%
Largest Stingray Giant Freshwater Stingray
0%
Largest Bat Giant golden Crowned Flying Fox
0%
2nd Largest Fish (Not a Shark) Giant Oarfish
0%
Largest Cricket Giant Wētā
0%
Largest Beetle (Kinda) Goliath Beetle
0%
1st Largest Pig Poland China Pig
0%
Largest Butterfly Queen Alexandra's Birdwing
0%
2nd Largest Pig Red Wattle Hog
0%
Largest Cow Simmental Cattle
0%
Largest Bull The Chianina
0%
Largest Spider The Goliath Birdeater
0%
No matching quizzes found
Score Distribution
Percent of People with Each Score
Percentile by Number Answered
Your Score History
You have not taken this quiz